Ресурсосберегающая технология получения строительного полового покрытия на основе применения техногенного ангидрита в производстве сухих строительных смесей; Энергетика: экология, надежность, безопасность

書誌詳細
Parent link:Энергетика: экология, надежность, безопасность.— 2010.— [С. 310-312]
第一著者: Федорчук Ю. М. Юрий Митрофанович
その他の著者: Цыганкова Т. С. Татьяна Сергеевна, Волков А. А.
要約:Заглавие с экрана.
Электронная версия печатной публикации
言語:ロシア語
出版事項: 2010
主題:
オンライン・アクセス:http://www.lib.tpu.ru/fulltext/v/Conferences/2010/K02/5119.pdf
フォーマット: 電子媒体 図書の章
KOHA link:https://koha.lib.tpu.ru/cgi-bin/koha/opac-detail.pl?biblionumber=206038

MARC

LEADER 00000naa2a2200000 4500
001 206038
005 20260203130614.0
035 |a (RuTPU)RU\TPU\book\224582 
035 |a RU\TPU\book\224580 
090 |a 206038 
100 |a 20111222d2010 k y0rusy50 ca 
101 0 |a rus 
102 |a RU 
135 |a drnn ---uucaa 
181 0 |a i  
182 0 |a b 
200 1 |a Ресурсосберегающая технология получения строительного полового покрытия на основе применения техногенного ангидрита в производстве сухих строительных смесей  |f Ю. М. Федорчук, Т. С. Цыганкова, А. А. Волков 
203 |a Текст  |c электронный 
215 |a 1 файл (250 Кб) 
300 |a Заглавие с экрана. 
300 |a Электронная версия печатной публикации 
337 |a Adobe Reader 
463 1 |0 (RuTPU)RU\TPU\book\205138  |t Энергетика: экология, надежность, безопасность  |o материалы докладов XVI Всероссийской научно-технической конференции, 8-10 декабря 2010 г., Томск  |f Национальный исследовательский Томский политехнический университет (ТПУ)); Российский фонд фундаментальных исследований (РФФИ); Томское профессорское собрание; Международная академия наук экологии и безопасности жизнедеятельности (МАНЭБ)  |v [С. 310-312]  |d 2010 
610 1 |a покрытия 
610 1 |a строительство 
610 1 |a ресурсосберегающие технологии 
610 1 |a ангидрит 
610 1 |a строительные смеси 
610 1 |a производство 
610 1 |a электронный ресурс 
610 1 |a труды учёных ТПУ 
700 1 |a Федорчук  |b Ю. М.  |c специалист в области экологии и безопасности жизнедеятельности  |c профессор Томского политехнического университета, доктор технических наук  |f 1948-  |g Юрий Митрофанович  |3 (RuTPU)RU\TPU\pers\26187  |9 11995 
701 1 |a Цыганкова  |b Т. С.  |c специалист в области экологии и безопасности жизнедеятельности  |c доцент Томского политехнического университета, кандидат технических наук  |f 1981-  |g Татьяна Сергеевна  |3 (RuTPU)RU\TPU\pers\26710  |9 12368 
701 1 |a Волков  |b А. А. 
801 1 |a RU  |b 63413507  |c 20111130 
801 2 |a RU  |b 63413507  |c 20111222  |g RCR 
856 4 |u http://www.lib.tpu.ru/fulltext/v/Conferences/2010/K02/5119.pdf 
942 |c CF